| 000 | 00493nam a22001937a 4500 | ||
|---|---|---|---|
| 999 |
_c526112 _d526112 |
||
| 003 | NUST | ||
| 005 | 20190708105300.0 | ||
| 008 | 190708b ||||| |||| 00| 0 eng d | ||
| 038 | _aWaseem | ||
| 082 |
_a891.4911 _bZAH |
||
| 100 |
_aZahid, Murtaza _917075 |
||
| 245 |
_aTrnd / _cMurtaza Zahid |
||
| 260 |
_aMultan : _bJhok Publisher, _c2005. |
||
| 300 | _a120 p. ; | ||
| 500 | _aHardcover. | ||
| 880 |
_6100-01\r _aمرتضی زاہد |
||
| 880 |
_6245-02\r _aترنڈ / |
||
| 942 |
_2ddc _cBK |
||